Viaje alrededor del mundo /

Bibliographic Details
Main Author: Loyola, Martín Ignacio de, -1606
Format: Electronic eBook
Language:Spanish
Published: Barcelona : www.Linkgua.com, 2011.
Series:Viajes (Linkgua Ediciones)
Subjects:
Online Access:Digitalia Hispánica

MARC

LEADER 00000nam a2200000Ii 4500
001 DIGLINK00785
003 NyNyDIG
006 m o d
007 cr |||||||||||
008 140401s2011 sp o 000 0 spa d
020 |a 9788499534855  |q (eBook) 
020 |z 9788498166965 
020 |z 9788498166422 
040 |a DGITA  |b eng  |e pn  |c DGITA 
050 1 4 |a G420.L86 eBook 
100 1 |a Loyola, Martín Ignacio de,  |d -1606. 
245 1 0 |a Viaje alrededor del mundo /  |c Martín Ignacio de Loyola. 
264 1 |a Barcelona :  |b www.Linkgua.com,  |c 2011.  
300 |a 1 online resource (111 pages) 
336 |a text  |b txt  |2 rdacontent 
337 |a computer  |b c  |2 rdamedia 
338 |a online resource  |b cr  |2 rdacarrier 
490 1 |a Viajes. 
600 1 0 |a Loyola, Martín Ignacio de,  |d -1606  |x Travel. 
650 0 |a Voyages around the world  |v Early works to 1700. 
655 0 |a Electronic books. 
791 2 |a Digitalia (Firm),  |e distributor. 
830 0 |a Viajes (Linkgua Ediciones) 
793 0 |g Digitalia eBook Collection:  |a Linkgua. 
856 4 0 |3 Digitalia Hispánica  |u https://www.digitaliapublishing.com/a/16878/ 
910 |a Premium Collection: 2007-2012